000 00497nam a2200157 a 4500
001 000034325
005 20200930073635.0
008 111003s19-- dr a 000 0 spa d
040 _aDO-SdBNP
_bspa
_cBNPHU
082 _axxxxxx
_bxxxxxx
100 1 _aFrías, Salomé
_916020
245 1 0 _aMi vida es una canción Lope Balaguer /
_cSalomé Frías ; prólogo Jorge Taveras.
260 _aSanto Domingo :
_bs. n.,
_c199u.
300 _a69 p. :
_bil. ;
_c22 cm.
700 1 _aTaveras, Jorge,
_epról.
_959753
999 _c33816
_d33816